| 000 | 00542nam a2200205 a 4500 | ||
|---|---|---|---|
| 003 | 0 | ||
| 005 | 20170425151110.0 | ||
| 008 | 001116s19uu xx 00 eng d | ||
| 020 | _a0-89565-293-5 | ||
| 050 |
_aTR(PS E _bM74 1984 |
||
| 100 | _aMoncure, Jane Belk | ||
| 245 |
_aMy "v" book / _cJane Belk Moncure ; illustrated by Linda Hohag. |
||
| 260 |
_aElgin, Ill : _bWorld, _c1984. |
||
| 300 | _a31 p. ; ill. | ||
| 500 | _aMy first steps to reading | ||
| 650 | _aReading | ||
| 650 | _aAlphabets | ||
| 942 |
_2ddc _cBK |
||
| 999 |
_c102675 _d102675 |
||